00832cam a2200229 a 450000100100000000500170001000800410002702000150006803500210008304000180010404300210012208200220014310000340016524501280019924600600032726000420038730000280042950400420045765000330049965000340053270000360056600001387120200929163358.0040512s2003 cu a b 001 0 spa  a9590105483 a(UyMoLRL)lr18143 aDO-SdBNPcDLC anwcu---an-us-fl a327.1297291bE43d1 aElizalde, Rosa Miriam,d1966-14aLos disidentes :bagentes de la seguridad cubana revelan la historia real /cRosa Miriam Elizalde, Luis Báez Hernández.30aAgentes de la seguridad cubana revelan la historia real aLa Habana, Cuba :bPolítica,c2003. a227 p. :bil. ;c23 cm. aIncluye referencias bibliográficas. 4aEspionajezCubavENTREVISTAS 4aDisidenteszCubavENTREVISTAS1 aBáez Hernández, Luisd1936-